Modern information retrieval
Contents of material: 1/ Introduction. 2/ Information retrieval systems. 3/ Development of technical service. 4/ Automated services. 5/ Future library catalogs.
Đã lưu trong:
| 格式: | 圖書 |
|---|---|
| 語言: | Undetermined |
| 出版: |
Darya Ganj, New Delhi
Anmol Pubications
2001
|
| 主題: | |
| 標簽: |
添加標簽
沒有標簽, 成為第一個標記此記錄!
|
| Thư viện lưu trữ: | Trung tâm Học liệu Trường Đại học Cần Thơ |
|---|
| LEADER | 00725nam a2200193Ia 4500 | ||
|---|---|---|---|
| 001 | CTU_124742 | ||
| 008 | 210402s9999 xx 000 0 und d | ||
| 020 | |c 53.00 | ||
| 082 | |a 025.04 | ||
| 082 | |b M691 | ||
| 245 | 0 | |a Modern information retrieval | |
| 245 | 0 | |c Edited by Shyama Balakrisnan and P. K. Paliwal | |
| 260 | |a Darya Ganj, New Delhi | ||
| 260 | |b Anmol Pubications | ||
| 260 | |c 2001 | ||
| 520 | |a Contents of material: 1/ Introduction. 2/ Information retrieval systems. 3/ Development of technical service. 4/ Automated services. 5/ Future library catalogs. | ||
| 650 | |a Library science,Information storage and retrieval systems. | ||
| 904 | |i Minh | ||
| 980 | |a Trung tâm Học liệu Trường Đại học Cần Thơ | ||